<?xml version="1.0" encoding="UTF-8"?><?xml-stylesheet type="text/xsl" href="static/style.xsl"?><OAI-PMH xmlns="http://www.openarchives.org/OAI/2.0/" xmlns:xsi="http://www.w3.org/2001/XMLSchema-instance" xsi:schemaLocation="http://www.openarchives.org/OAI/2.0/ http://www.openarchives.org/OAI/2.0/OAI-PMH.xsd"><responseDate>2026-04-13T04:40:16Z</responseDate><request verb="GetRecord" identifier="oai:www.recercat.cat:2072/487759" metadataPrefix="marc">https://recercat.cat/oai/request</request><GetRecord><record><header><identifier>oai:recercat.cat:2072/487759</identifier><datestamp>2025-10-17T18:19:37Z</datestamp><setSpec>com_2072_98</setSpec><setSpec>col_2072_378192</setSpec></header><metadata><record xmlns="http://www.loc.gov/MARC21/slim" xmlns:dcterms="http://purl.org/dc/terms/" xmlns:xsi="http://www.w3.org/2001/XMLSchema-instance" xmlns:doc="http://www.lyncode.com/xoai" xsi:schemaLocation="http://www.loc.gov/MARC21/slim http://www.loc.gov/standards/marcxml/schema/MARC21slim.xsd">
   <leader>00925njm 22002777a 4500</leader>
   <datafield ind2=" " ind1=" " tag="042">
      <subfield code="a">dc</subfield>
   </datafield>
   <datafield ind2=" " ind1=" " tag="720">
      <subfield code="a">Peñas Lledó, Eva</subfield>
      <subfield code="e">author</subfield>
   </datafield>
   <datafield ind2=" " ind1=" " tag="720">
      <subfield code="a">Fernández Aranda, Fernando</subfield>
      <subfield code="e">author</subfield>
   </datafield>
   <datafield ind2=" " ind1=" " tag="720">
      <subfield code="a">Jiménez-Murcia, Susana</subfield>
      <subfield code="e">author</subfield>
   </datafield>
   <datafield ind2=" " ind1=" " tag="720">
      <subfield code="a">Granero, Roser</subfield>
      <subfield code="e">author</subfield>
   </datafield>
   <datafield ind2=" " ind1=" " tag="720">
      <subfield code="a">Penelo Werner, Eva</subfield>
      <subfield code="e">author</subfield>
   </datafield>
   <datafield ind2=" " ind1=" " tag="720">
      <subfield code="a">Soto, Antonio</subfield>
      <subfield code="e">author</subfield>
   </datafield>
   <datafield ind2=" " ind1=" " tag="720">
      <subfield code="a">Gunnard, Katarina</subfield>
      <subfield code="e">author</subfield>
   </datafield>
   <datafield ind2=" " ind1=" " tag="720">
      <subfield code="a">Menchón Magriñá, José Manuel</subfield>
      <subfield code="e">author</subfield>
   </datafield>
   <datafield ind2=" " ind1=" " tag="260">
      <subfield code="c">2009</subfield>
   </datafield>
   <datafield ind2=" " ind1=" " tag="520">
      <subfield code="a">Altres ajuts: Partial financial support was received from the European Union (Framework-V Multicenter Research Grant, QCK1-1999-916; Seventh Framework Programme-FP7-ICT-215839-2007).CIBEROBN and CIBERSAM are an initiatives of ISCIII (Spain).</subfield>
   </datafield>
   <datafield ind2=" " ind1=" " tag="520">
      <subfield code="a">Subtyping individuals who binge eat by ''diet-DT'' and ''depression'' has yielded two valid and clinically useful subtypes that predict eating severity, comorbid psychopathology and outcome. The present study aimed to find four subtypes based on these dimensions and test their validity. Besides, it explored the distribution of eating disorder (ED) diagnoses across subtypes given their known heterogeneity, crossover and binge-eating fluctuation. Cluster analysis grouped 1005 consecutively admitted ED adult women into four subtypes, those previously described ''DT'' (22%), ''DT-depressive'' (29%), and ''mild DT'' (25%) and ''depressive-moderate DT'' (24%). Overall ''mild DT'' presented lower and ''DT-depressive'' greater eating and comorbid psychopathology than the rest, whereas ''pure DT'' and ''depressive-moderate DT'' presented no differences on bulimic symptoms but in psychopathology (p &lt; .01). Finally, while BN-P patients were mostly and similarly distributed in the ''DT'' and ''DT-depressive'' subtypes than in the other, AN were in the new ''mild DT'' and ''depressive-moderate DT'' (p &lt; .01). However, BN-NP, BED and EDNOS were similarly represented across subtypes. Results are discussed with regard to 1) the newly emerged subtypes that may explain cases in which DT prevents or does not predict binge eating; 2) the confluence of DT-depression that signaled greater eating and comorbid pathology, particularly self-control problems; 3) ED-DSM-diagnostic criteria.</subfield>
   </datafield>
   <datafield ind1="8" ind2=" " tag="024">
      <subfield code="a">http://hdl.handle.net/2072/487759</subfield>
   </datafield>
   <datafield tag="653" ind2=" " ind1=" ">
      <subfield code="a">Depression</subfield>
   </datafield>
   <datafield tag="653" ind2=" " ind1=" ">
      <subfield code="a">Diet</subfield>
   </datafield>
   <datafield tag="653" ind2=" " ind1=" ">
      <subfield code="a">Drive for thinness</subfield>
   </datafield>
   <datafield tag="653" ind2=" " ind1=" ">
      <subfield code="a">Eating disorders</subfield>
   </datafield>
   <datafield tag="653" ind2=" " ind1=" ">
      <subfield code="a">Negative affect</subfield>
   </datafield>
   <datafield tag="653" ind2=" " ind1=" ">
      <subfield code="a">Subtyping</subfield>
   </datafield>
   <datafield ind2="0" ind1="0" tag="245">
      <subfield code="a">Subtyping eating disordered patients along drive for thinness and depression</subfield>
   </datafield>
</record></metadata></record></GetRecord></OAI-PMH>